| 000 | 00000nam##2200000za#4500 |
| 001 | 9.573891 |
| 003 | CaOODSP |
| 005 | 20210624183922 |
| 007 | cr ||||||||||| |
| 008 | 150406|1992||||xxc|||||o f|0| 0 eng|d |
| 022 | |a1488-5379 |
| 040 | |aCaOODSP|beng |
| 043 | |an-cn--- |
| 086 | 1 |aFs97-6/1895E-PDF |
| 110 | 1 |aCanada. |bDepartment of Fisheries and Oceans. |bCentral and Arctic Region. |
| 245 | 10|aPrey spectra of pleuronectids (Hippoglossoides platessoides, Pleuronectes ferrugineus, Pleuronectes americanus) from Sable Island Bank / |h[electronic resource]|cby D.J. Martell and G. McClelland. |
| 260 | |aHalifax - Nova Scotia : |bFisheries and Oceans Canada. |cNovember 1992. |
| 300 | |a28p.|bmap, tables |
| 490 | 1 |aCanadian technical report of fisheries and aquatic sciences|x1488-5379|vNo. 1895 |
| 500 | |aThe catalogue number (Fs97-6/1895E) and ISSN (0706-6457) for the print edition have been incorrectly copied in this electronic publication. |
| 504 | |aBibliography. |
| 546 | |a(Résumé en français) |
| 590 | |a12-22-Supp|b2012-05-24 |
| 720 | 1 |aMcClelland, G. |
| 720 | 1 |aMartell, D. J. |
| 776 | 0#|tPrey spectra of pleuronectids (Hippoglossoides platessoides pleuronectes ferrugineus, pleuronectes americanus) from Sable Island Bank / |w(CaOODSP)9.610640 |
| 830 | #0|aCanadian technical report of fisheries and aquatic sciences,|x1488-5379|vNo. 1895|w(CaOODSP)9.504449 |
| 856 | 40|ahttp://publications.gc.ca|qPDF|s539 KB|uhttps://publications.gc.ca/collections/collection_2012/mpo-dfo/Fs97-6-1895-eng.pdf|yNo. 1895 |